书目信息 |
| 题名: |
英美文学的现代视角
|
|
| 作者: | 孙远用 著 | |
| 分册: | ||
| 出版信息: | 沈阳 辽海出版社 2020.01 |
|
| 页数: | 216页 | |
| 开本: | 24cm | |
| 丛书名: | ||
| 单 册: | ||
| 中图分类: | I561.06 , I712.06 | |
| 科图分类: | ||
| 主题词: | 英国文学--文学研究 , 文学研究--美国 | |
| 电子资源: | ||
| ISBN: | 978-7-5451-4700-1 | |
| 000 | 01004nam0 2200265 450 | |
| 001 | 0102100438 | |
| 005 | 20210402100824.0 | |
| 010 | @a978-7-5451-4700-1@dCNY58.00 | |
| 100 | @a20200713d2020 em y0chiy50 ea | |
| 101 | 0 | @achi |
| 102 | @aCN@b210000 | |
| 105 | @ay z 000yy | |
| 106 | @ar | |
| 200 | 1 | @a英美文学的现代视角@Aying mei wen xue de xian dai shi jiao@e英美文学研究的新视角及代表作品解读@f孙远用著 |
| 210 | @a沈阳@c辽海出版社@d2020.01 | |
| 215 | @a216页@d24cm | |
| 330 | @a本书从21世纪的大背景出发,从新的视角研究英美文学。书中研究了英美的创伤文学、英美小说叙事学与电影叙事学、英美女性主义文学、英美生态文学以及英美文学戏仿等。 | |
| 517 | 1 | @a英美文学研究的新视角及代表作品解读@Aying mei wen xue yan jiu de xin shi jiao ji dai biao zuo pin jie du |
| 606 | 0 | @a英国文学@x文学研究 |
| 606 | 0 | @a文学研究@y美国 |
| 690 | @aI561.06@v5 | |
| 690 | @aI712.06@v5 | |
| 701 | 0 | @a孙远用@Asun yuan yong@f(1983- )@4著 |
| 801 | 0 | @aCN@bBJSZM@c20210402 |
| 905 | @b1278516-20@dI561.06@e1222@f5 | |
| 英美文学的现代视角:英美文学研究的新视角及代表作品解读/孙远用著.-沈阳:辽海出版社,2020.01 |
| 216页;24cm |
| ISBN 978-7-5451-4700-1:CNY58.00 |
| 本书从21世纪的大背景出发,从新的视角研究英美文学。书中研究了英美的创伤文学、英美小说叙事学与电影叙事学、英美女性主义文学、英美生态文学以及英美文学戏仿等。 |
| ● |
| 相关链接 |
|
|
|
|
正题名:英美文学的现代视角
索取号:I561.06/1222
 
预约/预借
| 序号 | 登录号 | 条形码 | 馆藏地/架位号 | 状态 | 备注 |
| 1 | 1278516 | 212785164 | 第一样本阅览室/ [索取号:I561.06/1222] | 在馆 | |
| 2 | 1278517 | 212785173 | 教育系资料室/ [索取号:I561.06/1222] | 在馆 | |
| 3 | 1278518 | 212785182 | 教育系资料室/ [索取号:I561.06/1222] | 在馆 | |
| 4 | 1278519 | 212785191 | 第二借阅区/ [索取号:I561.06/1222] | 在馆 | |
| 5 | 1278520 | 212785208 | 第二借阅区/ [索取号:I561.06/1222] | 在馆 |